000 00355nam a2200121Ia 4500
003 GCL
008 140319s9999 xx 000 0 ara d
040 _aGCL /
_cGCL
082 0 4 _aم
_b415.1
_bم م
245 1 0 _aالمحيط فى اصوات العربية ونحوها وصرفها
260 _a[S.N] :
_bدار الشرق العربى
300 _aمتعدد
999 _c59221
_d59221